000 00442pab a2200145 454500
008 180718b2003 xxu||||| |||| 00| 0 eng d
100 _aSavirimuthu, Joseph
245 _aThe corporate pharmaceutical model and the legacy of Doha: whither a global consensus on public health governance?
260 _c2003
300 _ap.73-98.
362 _aJan-Jun
650 _aHealth services
773 _aSouth Asia Economic Journal
909 _a56708
999 _c56708
_d56708